[Event "Novi Sad ol (Men)"]
[Site "Novi Sad YUG"]
[Date "1990.??.??"]
[Round "6"]
[White "Belotti, Bruno"]
[Black "Fernandez Garcia, Jose L"]
[Result "1/2-1/2"]
[WhiteElo "2435"]
[BlackElo "2500"]
[PlyCount "38"]
[EventDate "1990.11.??"]
[Source "www.chesslib.no"]
[SourceDate "2004.05.04"]

1. e4 Nf6 2. e5 Nd5 3. d4 d6 4. Nf3 Bg4 5. Be2 c6 6. Ng5 Bf5 7. e6 Bxe6 8. Nxe6 fxe6 9. Bg4 Nc7 10. Qe2 Nd7 11. Bxe6 Nxe6 12. Qxe6 Nf6 13. O-O Qd7 14. Qe2 g6 15. Re1 Bg7 16. Nd2 O-O 17. Nf3 Rae8 18. Qe6+ Qxe6 19. Rxe6 Nd5 1/2-1/2

[Event "Hamburg op"]
[Site "Hamburg"]
[Date "1984.??.??"]
[Round "4"]
[White "Nunn, John DM"]
[Black "Paulsen, Dirk"]
[Result "1/2-1/2"]
[WhiteElo "2575"]
[BlackElo "2360"]
[PlyCount "55"]
[EventDate "1984.07.??"]
[Source "ChessBase"]

1. e4 Nf6 2. e5 Nd5 3. d4 d6 4. Nf3 Bg4 5. Be2 c6 6. c4 Nc7 7. Nbd2 Nd7 8. O-O Bxf3 9. Nxf3 dxe5 10. dxe5 Ne6 11. b4 g6 12. Re1 Bg7 13. Bb2 Qc7 14. c5 Nxe5 15. Nxe5 Bxe5 16. Bxe5 Qxe5 17. Bc4 Qf6 18. Bxe6 fxe6 19. Re3 a5 20. Qe1 axb4 21. Rxe6 Qg7 22. Rd1 Rxa2 23. Qxb4 Qf7 24. Qe1 O-O 25. Rxe7 Qxf2+ 26. Qxf2 Raxf2 27. Rxb7 Rc2 28. h3 1/2-1/2

[Event "Buenos Aires Clarin op"]
[Site "Buenos Aires"]
[Date "1995.??.??"]
[Round "6"]
[White "Spangenberg, Hugo"]
[Black "Szmetan, Jorge"]
[Result "1-0"]
[WhiteElo "2500"]
[BlackElo "2435"]
[PlyCount "71"]
[EventDate "1995.05.??"]
[Source "ChessBase"]

1. e4 Nf6 2. e5 Nd5 3. d4 d6 4. Nf3 Bg4 5. Be2 c6 6. exd6 exd6 7. O-O Be7 8. h3 Bh5 9. c4 Nb6 10. Qb3 O-O 11. Bf4 a5 12. Nbd2 Na6 13. Rfe1 a4 14. Qc3 Nc7 15. Bh2 Re8 16. Bd3 Ne6 17. Qc2 Nf8 18. Re3 Bg6 19. Rae1 Qd7 20. Bxg6 Nxg6 21. b3 a3 22. Ne4 Red8 23. Neg5 Bf8 24. h4 Qg4 25. Re4 Qf5 26. h5 Nh4 27. Nxh4 Qxg5 28. Qe2 Ra5 29. Rg4 Qf6 30. c5 Nc8 31. Rf4 Qg5 32. Rxf7 Ra8 33. Qe6 Kh8 34. Nf5 Qxh5 35. Nxg7 Qg6 36. Qxg6 1-0

[Event "4NCL, Birmingham ENG"]
[Site "?"]
[Date "2000.??.??"]
[Round "4"]
[White "Rowson, J."]
[Black "Crouch, C."]
[Result "1/2-1/2"]
[WhiteElo "2490"]
[BlackElo "2445"]
[PlyCount "49"]
[EventDate "2000.??.??"]
[Source "www.chesslib.no"]
[SourceDate "2004.05.04"]

1. e4 Nf6 2. e5 Nd5 3. d4 d6 4. Nf3 Bg4 5. Be2 c6 6. c4 Nc7 7. Nbd2 g6 8. exd6 exd6 9. O-O Bg7 10. Ne4 d5 11. cxd5 Qxd5 12. Bh6 O-O 13. Bxg7 Kxg7 14. Nc3 Qd6 15. d5 Bxf3 16. Bxf3 Nxd5 17. Bxd5 cxd5 18. Qd4+ f6 19. Nxd5 Nc6 20. Qc4 b5 21. Qxb5 Rab8 22. Qc4 Ne5 23. Qe4 Rxb2 24. Rad1 Rc8 25. Qa4 1/2-1/2

[Event "HUN-ch op"]
[Site "Pecs"]
[Date "1998.??.??"]
[Round "3"]
[White "Turzo, Attila"]
[Black "Varga, Z."]
[Result "0-1"]
[WhiteElo "2415"]
[BlackElo "2520"]
[PlyCount "113"]
[EventDate "1998.??.??"]
[Source "www.chesslib.no"]
[SourceDate "2004.05.04"]

1. e4 Nf6 2. e5 Nd5 3. d4 d6 4. Nf3 Bg4 5. Be2 c6 6. exd6 exd6 7. O-O Be7 8. c4 Nf6 9. Nc3 O-O 10. d5 cxd5 11. cxd5 Bxf3 12. Bxf3 Nbd7 13. Be3 a6 14. Qb3 Rb8 15. a4 Nc5 16. Qa3 a5 17. b4 axb4 18. Qxb4 Nfd7 19. Nb5 Ra8 20. a5 b6 21. axb6 Qxb6 22. Rab1 Ne5 23. Qf4 Bf6 24. Nd4 Qc7 25. Nf5 Ra4 26. Qg3 Qd7 27. Qh3 g6 28. Nh6+ Kh8 29. Qxd7 Ncxd7 30. Be2 Kg7 31. Rfc1 Re4 32. Rc3 Nc5 33. Kf1 Rxe3 34. Rxe3 Kxh6 35. Rb6 Ra8 36. g3 Bd8 37. Rb1 Kg7 38. f4 Ned7 39. Bb5 Nf6 40. Bc6 Ra2 41. Re2 Ra3 42. Rb8 Bc7 43. Ra8 Rxa8 44. Bxa8 Na4 45. Bc6 Nc3 46. Rd2 Bb6 47. Rd3 Nfe4 48. Kg2 f5 49. h3 Kf6 50. g4 h6 51. Be8 Bc5 52. Kf3 Na2 53. gxf5 gxf5 54. Bc6 Nb4 55. Rd1 Nc2 56. Bb7 Nc3 57. Rd2 0-1

[Event "Frunze"]
[Site "Frunze"]
[Date "1983.??.??"]
[Round "?"]
[White "Wittmann, Walter"]
[Black "Bagirov, Vladimir"]
[Result "1/2-1/2"]
[WhiteElo "2435"]
[BlackElo "2500"]
[PlyCount "119"]
[EventDate "1983.05.??"]
[Source "ChessBase"]

1. e4 Nf6 2. e5 Nd5 3. d4 d6 4. Nf3 Bg4 5. Be2 c6 6. c4 Nb6 7. exd6 exd6 8. O-O Be7 9. b3 O-O 10. Nc3 Re8 11. h3 Bh5 12. Bf4 Bf6 13. Qd2 d5 14. c5 N6d7 15. Rae1 Nf8 16. Ne5 Bxe2 17. Rxe2 Nbd7 18. Rfe1 Nxe5 19. Bxe5 Bxe5 20. Rxe5 Rxe5 21. Rxe5 Ne6 22. f4 Qf6 23. Ne2 g6 24. Qe3 b6 25. cxb6 axb6 26. a4 Rd8 27. f5 Ng7 28. fxg6 hxg6 29. Qg5 Qxg5 30. Rxg5 Nf5 31. Kf2 Kg7 32. Rg4 Re8 33. Rf4 Nd6 34. Nc3 f5 35. Rf3 Kf6 36. Re3 Rc8 37. Ke2 Ne4 38. Nxe4+ dxe4 39. Rc3 Ke6 40. Rg3 Rg8 41. Rg5 b5 42. a5 Kf6 43. h4 b4 44. Ke3 Rh8 45. g3 Ra8 46. Kf4 Re8 47. Ke3 Ra8 48. Kf4 Rxa5 49. h5 gxh5 50. Rxh5 Rd5 51. Rh6+ Kf7 52. Rxc6 Rxd4 53. Kxf5 e3 54. Rf6+ Kg7 55. Rg6+ Kh7 56. Re6 Rd3 57. Kf4 Rxb3 58. Rxe3 Rb1 59. Ke4 b3 60. Kd3 1/2-1/2

[Event "ENG"]
[Site "?"]
[Date "2006.01.15"]
[Round "6.6"]
[White "Greet Andrew N"]
[Black "Baburin Alexander"]
[Result "0-1"]
[WhiteElo "2423"]
[BlackElo "2511"]
[PlyCount "68"]
[EventDate "2006.??.??"]
[Source "www.chesslib.no"]
[SourceDate "2004.05.04"]

1. e4 Nf6 2. e5 Nd5 3. d4 d6 4. Nf3 Bg4 5. Be2 c6 6. c4 Nb6 7. Nbd2 N8d7 8. O-O dxe5 9. Nxe5 Nxe5 10. dxe5 Bf5 11. Qb3 e6 12. Rd1 Qc7 13. Qg3 O-O-O 14. b3 h5 15. Nf1 Rxd1 16. Bxd1 h4 17. Qc3 h3 18. g4 Bg6 19. Ng3 Nd7 20. f4 Qb6+ 21. Be3 Bb4 22. Qc1 Bc5 23. Kf2 Rd8 24. Bf3 Nxe5 25. fxe5 Rd3 26. Nf1 Bxe3+ 27. Nxe3 Qd4 28. Qe1 Qxe5 29. Nf1 Qf4 30. Qe2 Qd4+ 31. Ne3 Rd2 32. Rd1 Rxe2+ 33. Kxe2 Qb2+ 34. Rd2 Qe5 0-1

[Event "PHI-ch"]
[Site "Makati"]
[Date "2002.05.01"]
[Round "8"]
[White "Antonio, Rogelio Jr"]
[Black "Ranola, Yves"]
[Result "1-0"]
[WhiteElo "2508"]
[BlackElo "2422"]
[PlyCount "91"]
[EventDate "2002.04.27"]
[Source "ChessBase"]
[SourceDate "2002.07.08"]

1. e4 Nf6 2. e5 Nd5 3. d4 d6 4. Nf3 Bg4 5. Be2 c6 6. O-O Bxf3 7. Bxf3 dxe5 8. dxe5 e6 9. Qe2 Nd7 10. c4 Ne7 11. Bf4 Qc7 12. Be4 g5 13. Bxg5 Qxe5 14. Bd2 Bg7 15. Nc3 O-O-O 16. g3 f5 17. Bf4 Qf6 18. Bg2 e5 19. Be3 Ng6 20. Bxa7 Rhe8 21. Nd5 Qe6 22. Nb6+ Kc7 23. Qe1 Nxb6 24. Qa5 Kd7 25. Bxb6 Ra8 26. Qd2+ Kc8 27. Rad1 Bf6 28. Bh3 e4 29. b3 Ra6 30. c5 Kb8 31. Qd6+ Qxd6 32. Rxd6 Be5 33. Rd7 Nf8 34. Rd2 f4 35. Rfd1 Bc7 36. Bxc7+ Kxc7 37. gxf4 Ra5 38. Rc2 Ng6 39. Rd7+ Kb8 40. Rf7 Rg8 41. Kf1 Nh4 42. Be6 Nf3 43. Rxb7+ Kxb7 44. Bxg8 Ra8 45. Bxh7 Nxh2+ 46. Ke1 1-0

[Event "Stara Pazova"]
[Site "Stara Pazova"]
[Date "1988.??.??"]
[Round "9"]
[White "Plachetka, Jan"]
[Black "Kovacevic, Vlatko"]
[Result "1/2-1/2"]
[WhiteElo "2415"]
[BlackElo "2515"]
[PlyCount "89"]
[EventDate "1988.10.??"]
[Source "www.chesslib.no"]
[SourceDate "2004.05.04"]

1. e4 Nf6 2. e5 Nd5 3. d4 d6 4. Nf3 Bg4 5. Be2 c6 6. O-O Bxf3 7. Bxf3 dxe5 8. dxe5 e6 9. c4 Ne7 10. Qxd8+ Kxd8 11. Be4 Nd7 12. Rd1 Kc7 13. f4 Nf5 14. Bxf5 Bc5+ 15. Kf1 exf5 16. Nc3 Nb6 17. b3 Rhd8 18. Ke2 Rxd1 19. Nxd1 a5 20. Be3 Nd7 21. Bxc5 Nxc5 22. Ne3 g6 23. Rd1 h5 24. g3 Ne4 25. Rd3 Re8 26. Kf3 Re7 27. h3 Rd7 28. Rxd7+ Kxd7 29. g4 hxg4+ 30. hxg4 Nc3 31. gxf5 gxf5 32. Nxf5 Nxa2 33. Nd4 Nc1 34. Ke3 c5 35. Kd2 Na2 36. Nb5 Ke6 37. Nd6 b6 38. Nc8 Kf5 39. Ke3 Nc1 40. Nxb6 Nxb3 41. Na4 f6 42. exf6 Kxf6 43. Kd3 Kf5 44. Kc3 Nd4 45. Nxc5 1/2-1/2

[Event "Balatonbereny"]
[Site "?"]
[Date "1986.??.??"]
[Round "?"]
[White "Vogt, L."]
[Black "Rogulj, B."]
[Result "1/2-1/2"]
[WhiteElo "2505"]
[BlackElo "2420"]
[PlyCount "53"]
[EventDate "1986.??.??"]
[Source "ChessBase"]
[SourceDate "1986.07.01"]

1. e4 Nf6 2. e5 Nd5 3. d4 d6 4. Nf3 Bg4 5. Be2 c6 6. c4 Nb6 7. Nbd2 N8d7 8. Ng5 Bxe2 9. e6 f6 10. Qxe2 fxg5 11. Ne4 Nf6 12. Nxg5 Nxc4 13. O-O Qa5 14. Qxc4 h6 15. Nf7 Rg8 16. Qb3 Qb5 17. Qxb5 cxb5 18. h4 Nd5 19. Bd2 g5 20. h5 Rc8 21. Rac1 Rc6 22. Rxc6 bxc6 23. Rc1 Nc7 24. Rxc6 Nxe6 25. Ne5 dxe5 26. Rxe6 exd4 27. Kf1 1/2-1/2

[Event "Schwaebisch Gmuend op"]
[Site "Schwaebisch Gmuend"]
[Date "1997.??.??"]
[Round "7"]
[White "Milov, Leonid"]
[Black "Pribyl, Josef"]
[Result "1/2-1/2"]
[WhiteElo "2480"]
[BlackElo "2445"]
[PlyCount "49"]
[EventDate "1997.??.??"]
[Source "www.chesslib.no"]
[SourceDate "2004.05.04"]

1. e4 Nf6 2. e5 Nd5 3. d4 d6 4. Nf3 Bg4 5. Be2 c6 6. Ng5 Bxe2 7. Qxe2 h6 8. Ne4 dxe5 9. dxe5 e6 10. O-O Nd7 11. c4 N5b6 12. Rd1 Be7 13. Nbc3 Kf8 14. Be3 Qc7 15. f4 g6 16. Nd6 f5 17. b4 Kg7 18. c5 Nd5 19. Nxd5 cxd5 20. g4 Kh7 21. Rac1 a6 22. h3 Rhg8 23. Kh2 Rab8 24. gxf5 gxf5 25. Qh5 1/2-1/2

[Event "URS Team Ch"]
[Site "Podolsk RUS"]
[Date "1990.??.??"]
[Round "?"]
[White "Moroz, Alexander"]
[Black "Timoshenko, Georgy"]
[Result "1/2-1/2"]
[WhiteElo "2385"]
[BlackElo "2540"]
[PlyCount "83"]
[EventDate "1990.??.??"]
[Source "www.chesslib.no"]
[SourceDate "2004.05.04"]

1. e4 Nf6 2. e5 Nd5 3. d4 d6 4. Nf3 Bg4 5. Be2 c6 6. c4 Nb6 7. exd6 exd6 8. O-O Be7 9. b3 O-O 10. Nc3 N8d7 11. h3 Bh5 12. Bf4 Re8 13. Re1 Nf8 14. Qd2 Bf6 15. Ng5 Bxe2 16. Rxe2 Rxe2 17. Nxe2 d5 18. c5 Nbd7 19. Re1 b6 20. b4 a5 21. b5 Rc8 22. Nc3 Ng6 23. bxc6 Rxc6 24. Be3 Ne7 25. Rd1 Nf8 26. Na4 Nf5 27. Nf3 bxc5 28. dxc5 Nxe3 29. fxe3 Qe8 30. Nb6 Rxc5 31. Nxd5 Bd8 32. Kh1 h6 33. Rc1 Qc6 34. Rxc5 Qxc5 35. e4 Ne6 36. Nf4 Nxf4 37. Qxd8+ Kh7 38. Qd7 Qh5 39. a4 Qg6 40. Qf5 Qxf5 41. exf5 Nd3 42. Ne5 1/2-1/2

[Event "Najdorf final KO"]
[Site "Buenos Aires"]
[Date "2000.09.11"]
[Round "2.1"]
[White "Vescovi, Giovanni P"]
[Black "Malbran, Guillermo"]
[Result "1-0"]
[WhiteElo "2526"]
[BlackElo "2399"]
[PlyCount "69"]
[EventDate "2000.09.09"]
[Source "ChessBase"]
[SourceDate "2000.11.21"]

1. e4 Nf6 2. e5 Nd5 3. d4 d6 4. Nf3 Bg4 5. Be2 c6 6. c4 Nb6 7. Nbd2 dxe5 8. Nxe5 Bf5 9. Nef3 e6 10. O-O N8d7 11. b3 Be7 12. Bb2 O-O 13. Re1 Re8 14. Bf1 h6 15. Qc1 Qc7 16. Bc3 Nc8 17. Qb2 Bf6 18. b4 Ne7 19. a4 Ng6 20. Ne4 Bxe4 21. Rxe4 b6 22. Rae1 Red8 23. Rg4 c5 24. h4 h5 25. Rge4 cxb4 26. Qxb4 Be7 27. Qb1 Ndf8 28. Qb5 f5 29. R4e3 Nxh4 30. Ne5 Bf6 31. d5 exd5 32. cxd5 Qc5 33. Qb3 Kh7 34. Nf7 Rd7 35. Bxf6 1-0

[Event "zt 2.4"]
[Site "Sao Paulo"]
[Date "2003.??.??"]
[Round "5"]
[White "Zambrana, Oswaldo"]
[Black "Lima, Darcy"]
[Result "1/2-1/2"]
[WhiteElo "2404"]
[BlackElo "2519"]
[PlyCount "115"]
[EventDate "2003.09.19"]
[Source "Roberto Alvarez"]
[SourceDate "2003.09.29"]

1. e4 Nf6 2. e5 Nd5 3. d4 d6 4. Nf3 Bg4 5. Be2 c6 6. O-O Bxf3 7. Bxf3 dxe5 8. dxe5 e6 9. b3 Nd7 10. Bb2 Qc7 11. Qe2 Nf4 12. Qe4 Ng6 13. Re1 Rd8 14. a4 a5 15. Na3 Bb4 16. Nc4 Bxe1 17. Rxe1 O-O 18. Ba3 b5 19. Bd6 Qa7 20. Na3 Qb6 21. g3 Rc8 22. axb5 cxb5 23. Qb7 Rfd8 24. Qxb6 Nxb6 25. Nxb5 Rxc2 26. Be4 Rb2 27. Bc7 Rxb3 28. Bxd8 Rxb5 29. Rc1 h5 30. Rc6 Nd7 31. Bxg6 Nxe5 32. Rb6 Rxb6 33. Bxb6 Nxg6 34. Bxa5 e5 35. Kg2 f5 36. Bd8 Kf7 37. Kf3 Ke6 38. Ke3 Ne7 39. f3 g5 40. h3 f4+ 41. Kf2 Kd7 42. Ba5 Nc6 43. Bb6 Ke6 44. Bc7 Kd5 45. Kg2 h4 46. gxh4 gxh4 47. Kf2 Ke6 48. Bb6 Kf5 49. Kg2 Ne7 50. Bd8 Ng6 51. Kf2 e4 52. fxe4+ Kxe4 53. Bf6 f3 54. Bd8 Nf4 55. Bxh4 Nxh3+ 56. Kf1 Nf4 57. Bf2 Ng2 58. Ba7 1/2-1/2

[Event "Monarch Assurance 10th"]
[Site "Port Erin"]
[Date "2001.10.06"]
[Round "8"]
[White "Gallagher, Joseph G"]
[Black "Crouch, Colin S"]
[Result "1-0"]
[WhiteElo "2516"]
[BlackElo "2407"]
[PlyCount "83"]
[EventDate "2001.09.29"]
[Source "ChessBase"]
[SourceDate "2001.10.26"]

1. e4 Nf6 2. e5 Nd5 3. d4 d6 4. Nf3 Bg4 5. Be2 c6 6. O-O Bxf3 7. Bxf3 dxe5 8. dxe5 e6 9. Nd2 Nd7 10. Re1 Qc7 11. Nc4 N7b6 12. Qe2 Nxc4 13. Qxc4 O-O-O 14. a3 h6 15. b4 g5 16. g3 Bg7 17. Bb2 h5 18. Qe4 g4 19. Bg2 Ne7 20. a4 Rd2 21. Bc3 Rd7 22. Rad1 Rxd1 23. Rxd1 Rd8 24. Re1 Nd5 25. Bd2 Nb6 26. Bg5 Rh8 27. b5 cxb5 28. axb5 Nd7 29. Qa4 Nxe5 30. Bf4 Qc4 31. Qxa7 Qxb5 32. Qa2 Nf3+ 33. Bxf3 gxf3 34. Qa8+ Kd7 35. Rd1+ Ke7 36. Qa3+ Kf6 37. Qxf3 Qc6 38. Qd3 Rc8 39. h4 Bf8 40. Qh7 Qxc2 41. Bg5+ Ke5 42. f4# 1-0

[Event "Kiev"]
[Site "Kiev"]
[Date "1997.??.??"]
[Round "10"]
[White "Frolov, Artur"]
[Black "Malakhatko, Vadim"]
[Result "1/2-1/2"]
[WhiteElo "2515"]
[BlackElo "2405"]
[PlyCount "66"]
[EventDate "1997.??.??"]
[Source "www.chesslib.no"]
[SourceDate "2004.05.04"]

1. e4 Nf6 2. e5 Nd5 3. d4 d6 4. Nf3 Bg4 5. Be2 c6 6. Ng5 Bxe2 7. Qxe2 dxe5 8. dxe5 e6 9. O-O Be7 10. Nf3 Nd7 11. c4 N5b6 12. Nc3 Nc5 13. Rd1 Qc7 14. Ne4 Nxe4 15. Qxe4 Nd7 16. b3 O-O 17. h4 h6 18. Be3 Rfd8 19. h5 a5 20. g4 Nf8 21. Kg2 a4 22. Bd4 Ra6 23. Rd3 axb3 24. axb3 Rxa1 25. Bxa1 Rxd3 26. Qxd3 Nd7 27. Qd2 Nc5 28. Qc2 Qd8 29. Bd4 Na6 30. Qd2 Bb4 31. Qe3 Be7 32. Qd2 Bb4 33. Qe3 Be7 1/2-1/2

[Event "Ch"]
[Site "Kiev UKR"]
[Date "1984.??.??"]
[Round "?"]
[White "Malaniuk, Vladimir P"]
[Black "Sergeev, Vladimir"]
[Result "1-0"]
[WhiteElo "2485"]
[BlackElo "2435"]
[PlyCount "71"]
[EventDate "1984.??.??"]
[Source "www.chesslib.no"]
[SourceDate "2004.05.04"]

1. e4 Nf6 2. e5 Nd5 3. d4 d6 4. Nf3 Bg4 5. Be2 c6 6. Ng5 Bf5 7. e6 fxe6 8. g4 Bg6 9. h4 h6 10. Nxe6 Qd7 11. Nf4 Bf7 12. c4 Nb6 13. b3 Na6 14. Bb2 O-O-O 15. Nc3 Qe8 16. Ng2 Nc7 17. Ne3 d5 18. c5 Nd7 19. f4 Nxc5 20. dxc5 d4 21. Qd3 e5 22. Qf5+ Ne6 23. O-O-O exf4 24. Nc4 dxc3 25. Rxd8+ Kxd8 26. Bxc3 Bg6 27. Qe5 Bxc5 28. Qb8+ Ke7 29. Qxb7+ Kf8 30. Bf3 Bd4 31. Bxc6 Qe7 32. Bb4 Bc5 33. Ne5 Be8 34. Qb8 Nd8 35. Bxe8 Kxe8 36. Qb5+ 1-0

[Event "Sydney Cepacol"]
[Site "Sydney"]
[Date "1991.??.??"]
[Round "3"]
[White "Oll, Lembit"]
[Black "Kanikevich, Alexander"]
[Result "1-0"]
[WhiteElo "2560"]
[BlackElo "2360"]
[PlyCount "129"]
[EventDate "1991.01.??"]
[Source "ChessBase"]

1. e4 Nf6 2. e5 Nd5 3. d4 d6 4. Nf3 Bg4 5. Be2 c6 6. Ng5 Bxe2 7. Qxe2 dxe5 8. dxe5 e6 9. O-O Be7 10. Nf3 O-O 11. c4 Nb6 12. Nc3 N8d7 13. Bf4 Qc7 14. Ne4 Rad8 15. Rad1 Nc8 16. Qc2 h6 17. Qc1 Qa5 18. a3 f5 19. exf6 Nxf6 20. b4 Qh5 21. Ng3 Qe8 22. Qe3 Bd6 23. Bxd6 Rxd6 24. Ne5 Nd7 25. Nd3 e5 26. Ne4 Rg6 27. c5 Qe6 28. f4 Ne7 29. fxe5 Rxf1+ 30. Rxf1 Nxe5 31. Nf4 Nd5 32. Nxe6 Nxe3 33. Rf8+ Kh7 34. Nf4 Rg4 35. h3 Ng6 36. hxg4 Nxf8 37. Nd6 b6 38. cxb6 axb6 39. a4 Nd7 40. a5 bxa5 41. bxa5 Nb8 42. Nd3 Nxg4 43. Nc5 g5 44. Nc4 Nf6 45. Kf2 Nd5 46. Kf3 Nb4 47. Ke4 Kg6 48. Ne5+ Kf6 49. g4 Nd5 50. Kd4 Ke7 51. Ne4 Nf6 52. Nxf6 Kxf6 53. Nd3 h5 54. gxh5 g4 55. Nf2 Kg5 56. Nxg4 Kxh5 57. Ne5 Na6 58. Nxc6 Kg6 59. Kc4 Kf6 60. Kb5 Nc7+ 61. Kb6 Ne8 62. a6 Nd6 63. Nd4 Ke5 64. Nb5 Nc4+ 65. Kc5 1-0

[Event "Vrnjacka Banja"]
[Site "Vrnjacka Banja"]
[Date "1982.??.??"]
[Round "5"]
[White "Tringov, Georgi P"]
[Black "Rogulj, Branko"]
[Result "1/2-1/2"]
[WhiteElo "2485"]
[BlackElo "2435"]
[PlyCount "49"]
[EventDate "1982.04.??"]
[Source "ChessBase"]

1. e4 Nf6 2. e5 Nd5 3. d4 d6 4. Nf3 Bg4 5. Be2 c6 6. Ng5 Bf5 7. Bd3 Bxd3 8. Qxd3 dxe5 9. dxe5 h6 10. Nf3 e6 11. O-O Nd7 12. Re1 Qc7 13. Nbd2 Rd8 14. Nf1 c5 15. b3 N7b6 16. a3 Ne7 17. Qe4 Nf5 18. Ng3 g6 19. Nxf5 gxf5 20. Qh4 Rg8 21. Qh5 Qc6 22. g3 Nd5 23. Nh4 Ne7 24. Be3 Rd5 25. Nf3 1/2-1/2

[Event "Nordic zt"]
[Site "NOR"]
[Date "1992.??.??"]
[Round "1"]
[White "Arnason, Jon L"]
[Black "Westerinen, Heikki MJ"]
[Result "1-0"]
[WhiteElo "2525"]
[BlackElo "2390"]
[PlyCount "111"]
[EventDate "1992.??.??"]
[Source "ChessBase"]

1. e4 Nf6 2. e5 Nd5 3. d4 d6 4. Nf3 Bg4 5. Be2 c6 6. O-O Bxf3 7. Bxf3 dxe5 8. dxe5 e6 9. Nd2 Nd7 10. Re1 Be7 11. g3 Qc7 12. Qe2 O-O-O 13. a3 Nc5 14. Nf1 Qb6 15. Ne3 Nxe3 16. Qxe3 h6 17. h4 g5 18. h5 Na4 19. Qxb6 axb6 20. b3 Nc3 21. Bb2 Nb5 22. Red1 Rxd1+ 23. Rxd1 Rd8 24. a4 Ba3 25. Ba1 Nc7 26. Kg2 Na6 27. Rxd8+ Kxd8 28. Bd4 Bc5 29. Bb2 Nc7 30. c4 Na6 31. Be4 Bb4 32. Bc1 Nc5 33. Bc2 Ke7 34. f4 f6 35. exf6+ Kxf6 36. Bb2+ Kf7 37. fxg5 Bd2 38. b4 Nd7 39. Bg6+ Kf8 40. gxh6 Bxh6 41. Be4 Bg7 42. Bc1 Bc3 43. b5 Ne5 44. Kh3 c5 45. Bxb7 Nxc4 46. Be4 Nd6 47. Bc2 e5 48. Kg4 Kf7 49. h6 Bd4 50. Kf3 Kf6 51. g4 Ke6 52. Be4 c4 53. h7 Nf7 54. g5 Nh8 55. Kg4 Kf7 56. g6+ 1-0

[Event "It (Men) Kharkov UKR"]
[Site "?"]
[Date "2006.04.01"]
[Round "6"]
[White "Aveskulov Valeriy"]
[Black "Lushenkov Mikhail M"]
[Result "1/2-1/2"]
[WhiteElo "2504"]
[BlackElo "2410"]
[PlyCount "87"]
[EventDate "2006.??.??"]
[Source "www.chesslib.no"]
[SourceDate "2004.05.04"]

1. e4 Nf6 2. e5 Nd5 3. d4 d6 4. Nf3 Bg4 5. Be2 c6 6. Ng5 Bf5 7. Bd3 Bxd3 8. Qxd3 h6 9. Nf3 e6 10. O-O Nd7 11. c4 Nc7 12. exd6 Bxd6 13. b3 O-O 14. Bb2 Ne8 15. Qe2 Nef6 16. Nbd2 a5 17. Ne5 a4 18. Ndf3 Qc7 19. Rfd1 Rfe8 20. h3 Bf8 21. Nd3 Qb6 22. Qc2 axb3 23. axb3 Be7 24. Re1 c5 25. Rxa8 Rxa8 26. d5 Nf8 27. Nf4 Bd6 28. Bxf6 Bxf4 29. Qe4 exd5 30. Qxf4 Qxf6 31. Qxf6 gxf6 32. cxd5 Rd8 33. Re7 b5 34. Nd2 Rxd5 35. Ne4 Kg7 36. Nc3 Re5 37. Rxe5 fxe5 38. Nxb5 Kf6 39. Kf1 Ke6 40. Ke2 Kd5 41. Nc3+ Kd4 42. Nb5+ Kd5 43. Nc3+ Kd4 44. Nb5+ 1/2-1/2

[Event "Tatry Open"]
[Site "Tatranske Zruby"]
[Date "2004.09.30"]
[Round "7"]
[White "Manik, Mikulas"]
[Black "Pribyl, Josef"]
[Result "1-0"]
[WhiteElo "2502"]
[BlackElo "2412"]
[PlyCount "102"]
[EventDate "2004.09.25"]
[Source "Roberto Alvarez"]
[SourceDate "2004.10.05"]

1. e4 Nf6 2. e5 Nd5 3. d4 d6 4. Nf3 Bg4 5. Be2 c6 6. c4 Nb6 7. Nbd2 dxe5 8. Nxe5 Be6 9. Nef3 g6 10. b3 Bg7 11. Bb2 O-O 12. O-O Bf5 13. Qc1 a5 14. a3 Na6 15. Re1 Nc7 16. h3 Ne8 17. Bf1 Nf6 18. Qc3 Nc8 19. Qe3 Re8 20. Ne5 Nd6 21. g4 Bc8 22. a4 Be6 23. Bg2 Qc7 24. Rac1 Rad8 25. Ndf3 Rf8 26. d5 Bd7 27. dxc6 bxc6 28. Nxd7 Nxd7 29. Bxg7 Kxg7 30. Nd4 c5 31. Nc6 Rde8 32. Qc3+ e5 33. Qxa5 Qxa5 34. Nxa5 e4 35. Rcd1 Re6 36. Bxe4 Rfe8 37. Rf1 Nxe4 38. Rxd7 Ra8 39. Nb7 Rb6 40. Re1 Nf6 41. Rd8 Rxd8 42. Nxd8 Rb8 43. Nc6 Rxb3 44. a5 Ra3 45. Re5 Kf8 46. Rxc5 Ke8 47. Nb4 Kd7 48. a6 Ne8 49. Rd5+ Kc8 50. Re5 Kd7 51. Nd5 Rxa6 1-0

[Event "Maribor"]
[Site "Maribor"]
[Date "1980.10.??"]
[Round "7"]
[White "Musil, Vojko"]
[Black "Kovacevic, Vlatko"]
[Result "1/2-1/2"]
[WhiteElo "2400"]
[BlackElo "2510"]
[PlyCount "111"]
[EventDate "1980.??.??"]
[Source "www.chesslib.no"]
[SourceDate "2004.05.04"]

1. e4 Nf6 2. e5 Nd5 3. d4 d6 4. Nf3 Bg4 5. Be2 c6 6. O-O Bxf3 7. Bxf3 dxe5 8. dxe5 e6 9. Qe2 Nd7 10. Re1 Qc7 11. Bd2 a5 12. c4 Ne7 13. Bc3 Ng6 14. a3 a4 15. Nd2 Be7 16. g3 O-O 17. h4 Rfd8 18. Rad1 Nc5 19. h5 Nf8 20. Ne4 Nxe4 21. Bxe4 Nd7 22. Bc2 Nc5 23. Rd4 Rxd4 24. Bxd4 Qa5 25. Bc3 Qb6 26. Qg4 Rd8 27. Re3 Rd7 28. Rf3 Qd8 29. Bb4 Rd4 30. Rf4 Rxf4 31. Qxf4 g6 32. hxg6 hxg6 33. Qe3 Qb6 34. Kg2 Bf8 35. Qd4 Be7 36. f4 Kf8 37. g4 Ke8 38. Qf2 Bf8 39. Kg3 Be7 40. Kg2 Bf8 41. Bc3 Qd8 42. Bd4 Nb3 43. Bb6 Qe7 44. Bxb3 axb3 45. g5 Qd7 46. Qd4 Qxd4 47. Bxd4 b5 48. c5 Kd7 49. Kf3 Kc7 50. Ke4 Kb7 51. Kd3 Ka6 52. Kc3 Be7 53. Kxb3 Bf8 54. Kb4 Be7 55. b3 Bd8 56. Kc3 1/2-1/2

[Event "Spring, Alushta UKR"]
[Site "?"]
[Date "2001.??.??"]
[Round "?"]
[White "Goloshchapov, A."]
[Black "Murashko, V."]
[Result "1-0"]
[WhiteElo "2525"]
[BlackElo "2385"]
[PlyCount "68"]
[EventDate "2001.??.??"]
[Source "www.chesslib.no"]
[SourceDate "2004.05.04"]

1. e4 Nf6 2. e5 Nd5 3. d4 d6 4. Nf3 Bg4 5. Be2 c6 6. Ng5 Bf5 7. e6 fxe6 8. g4 Bg6 9. Bd3 Bxd3 10. Qxd3 Nf6 11. Nxe6 Qd7 12. Qe2 Kf7 13. Ng5+ Kg8 14. Rg1 Na6 15. Nc3 Re8 16. Bf4 Nc7 17. O-O-O Ncd5 18. Nxd5 Nxd5 19. Bg3 e6 20. Rde1 Nc7 21. h3 h6 22. Ne4 e5 23. dxe5 dxe5 24. Kb1 Nd5 25. h4 Qf7 26. Rd1 b5 27. c4 bxc4 28. Qxc4 Re6 29. Nc3 Nb6 30. Qe4 a5 31. Bxe5 Qe8 32. f4 Bb4 33. Qd3 Bxc3 34. Qxc3 Nd7 1-0

[Event "IBM-B"]
[Site "Amsterdam"]
[Date "1979.??.??"]
[Round "9"]
[White "Dolmatov, Sergey"]
[Black "Bohm, Hans"]
[Result "1-0"]
[WhiteElo "2495"]
[BlackElo "2410"]
[PlyCount "73"]
[EventDate "1979.07.??"]
[Source "ChessBase"]

1. e4 Nf6 2. e5 Nd5 3. d4 d6 4. Nf3 Bg4 5. Be2 c6 6. O-O Bxf3 7. Bxf3 dxe5 8. dxe5 e6 9. Qe2 Nd7 10. Re1 Qc7 11. Nd2 Bc5 12. Nb3 Bb6 13. Bg5 h6 14. Bd2 O-O-O 15. a4 a5 16. Nc1 Ne7 17. Nd3 Ng6 18. Bc3 Nc5 19. Nxc5 Bxc5 20. g3 Qb6 21. Rab1 Ne7 22. Rec1 Nf5 23. b4 axb4 24. Bxb4 Nd4 25. Qe4 Bxb4 26. c3 Nxf3+ 27. Qxf3 Qc7 28. cxb4 Rd5 29. b5 c5 30. a5 Rhd8 31. a6 b6 32. Ra1 Qa7 33. Re1 Kb8 34. h4 g6 35. h5 Rg8 36. Qf4 gxh5 37. Qxh6 1-0

[Event "Ceske Budejovice Open"]
[Site "Ceske Budejovice CZE"]
[Date "1994.??.??"]
[Round "4"]
[White "Golod, Vitali"]
[Black "Pribyl, Josef"]
[Result "1-0"]
[WhiteElo "2510"]
[BlackElo "2395"]
[PlyCount "83"]
[EventDate "1994.??.??"]
[Source "www.chesslib.no"]
[SourceDate "2004.05.04"]

1. e4 Nf6 2. e5 Nd5 3. d4 d6 4. Nf3 Bg4 5. Be2 c6 6. Ng5 Bf5 7. Bg4 Qd7 8. e6 fxe6 9. O-O Nf6 10. Bh5+ Nxh5 11. Qxh5+ Bg6 12. Qe2 Na6 13. Nxe6 Nc7 14. Nxc7+ Qxc7 15. c4 O-O-O 16. d5 Re8 17. Nc3 e5 18. Be3 c5 19. b4 a6 20. Rfd1 b6 21. Qb2 Be7 22. bxc5 bxc5 23. Qa3 Qa7 24. Bxc5 Qxc5 25. Qxc5+ dxc5 26. d6 Kb7 27. dxe7 Rxe7 28. Rd6 Ka7 29. Rc6 Rb8 30. Rxc5 Rb2 31. Re1 Rc2 32. Nd5 Rf7 33. f3 Rxa2 34. Rxe5 Rb7 35. h4 Bf7 36. Rc8 h6 37. Ne3 a5 38. c5 a4 39. c6 Rb1+ 40. Kh2 Bb3 41. Re7+ Kb6 42. c7 1-0